ជីវៈចម្រុះនៅតំបន់ជួរភ្នំក្រវាញ / (Record no. 1318)

MARC details
000 -LEADER
fixed length control field 02484nam a22003497a 4500
005 - DATE AND TIME OF LATEST TRANSACTION
control field 20230815143812.0
020 ## - INTERNATIONAL STANDARD BOOK NUMBER
International Standard Book Number 9789924341703
040 ## - CATALOGING SOURCE
Original cataloging agency FISKH
Language of cataloging eng
Transcribing agency FISKH
Modifying agency FISKH
082 ## - DEWEY DECIMAL CLASSIFICATION NUMBER
Classification number 333.952
100 ## - MAIN ENTRY--PERSONAL NAME
Personal name Recamier, Francoise
245 ## - TITLE STATEMENT
Title ជីវៈចម្រុះនៅតំបន់ជួរភ្នំក្រវាញ /
Statement of responsibility, etc. និពន្ធដោយ Francoise Recamier, Nathalie Tordjman និង ឡាច រតនា
260 ## - PUBLICATION, DISTRIBUTION, ETC.
Place of publication, distribution, etc. Phnom Penh :
Name of publisher, distributor, etc. Sipar,
Date of publication, distribution, etc. 2023.
300 ## - PHYSICAL DESCRIPTION
Extent 35 pages :
Other physical details maps ; color illustrations ;
Dimensions 25 cm
490 ## - SERIES STATEMENT
Series statement ស្វែងយល់ពី
505 ## - FORMATTED CONTENTS NOTE
Formatted contents note Z
520 ## - SUMMARY, ETC.
Summary, etc. ជួរភ្នំក្រវាញគ្របដណ្ដប់ដោយព្រៃដែលមានធនធានយ៉ាងសម្បូរបែប ព្រោះវាជាជម្រករបស់ពពួករក្ខជាតិ និងសត្វកម្រជាច្រើនប្រភេទ ព្រមទាំងមានទឹកជ្រោះសម្រាប់ទាក់ទាញភ្ញៀវទេសចរណ៍ឳ្យមកកម្សាន្តទៀតផង។ តំបន់អភិរក្សជាច្រើនត្រូវបានបង្កើតឡើងក្នុងតំបន់នេះ ដើម្បីការពារ សង្គ្រោះសត្វ និងរុក្ខជាតិ។
520 ## - SUMMARY, ETC.
Summary, etc. The Cardamom Mountains are covered with forests that are rich in resources because they are home to many species of animals and rare species, as well as waterfalls to attract tourists to visit. Many conservation areas have been established in the area to protect wildlife.
521 ## - TARGET AUDIENCE NOTE
Target audience note 890 <br/>
Source Lexile estimate <br/>
521 ## - TARGET AUDIENCE NOTE
Target audience note Z <br/>
Source Raz-Plus <br/>
650 ## - SUBJECT ADDED ENTRY--TOPICAL TERM
Topical term or geographic name entry element ជួរភ្នំក្រវាញ
Form subdivision ធនធាន
General subdivision រុក្ខជាតិ
Chronological subdivision ការពារ
650 ## - SUBJECT ADDED ENTRY--TOPICAL TERM
Topical term or geographic name entry element Cardamom Mountains
Form subdivision resource
General subdivision species
Chronological subdivision protect
700 ## - ADDED ENTRY--PERSONAL NAME
Personal name Tordjman, Nathalie
Titles and other words associated with a name Author
700 ## - ADDED ENTRY--PERSONAL NAME
Personal name Rathna, Larg
Titles and other words associated with a name Author
700 ## - ADDED ENTRY--PERSONAL NAME
Personal name Channeng, Pat
Numeration a map page 6
Titles and other words associated with a name illustrator
700 ## - ADDED ENTRY--PERSONAL NAME
Personal name Sokpheng, Meng
Numeration a map page 12 & 28
Titles and other words associated with a name illustrator
700 ## - ADDED ENTRY--PERSONAL NAME
Personal name Visoth, Seng
Numeration Picture page 10,11, 20,21, 26,27, 31,33
Titles and other words associated with a name illustrator
700 ## - ADDED ENTRY--PERSONAL NAME
Personal name Visal, Seng
Numeration Cover page 8,9 ; 16,17,18,19
Titles and other words associated with a name illustrator
700 ## - ADDED ENTRY--PERSONAL NAME
Personal name Rotha, Ouk
Numeration Picture page 30
Titles and other words associated with a name illustrator
942 ## - ADDED ENTRY ELEMENTS (KOHA)
Source of classification or shelving scheme Dewey Decimal Classification
Koha item type Books
Suppress in OPAC No
999 ## -
-- 1318
-- 1318
Holdings
Withdrawn status Lost status Source of classification or shelving scheme Damaged status Not for loan Collection Home library Current library Shelving location Date acquired Total Checkouts Full call number Barcode Date last seen Copy number Price effective from Koha item type Date last checked out
    Dewey Decimal Classification     Khmer Language Books / សៀវភៅភាសាខ្មែរ Footprints International School Library Network Toul Kork Campus Footprints International School Library Network Toul Kork Campus TK Campus, Room B402, Khmer Book Case 16, Shelves 112-123 / ទូរសៀវភៅខ្មែរលេខ ១៦​ ធ្នើរ ១១២ ដល់ ១២៣ បន្ទប់ B402 សាខាទួលគោក 08/15/2023   REC 333.952 2023-0265 08/15/2023 1 08/15/2023 Books  
    Dewey Decimal Classification     Khmer Language Books / សៀវភៅភាសាខ្មែរ Footprints International School Library Network Toul Kork Campus Footprints International School Library Network Toul Kork Campus TK Campus, Room B402, Khmer Book Case 16, Shelves 112-123 / ទូរសៀវភៅខ្មែរលេខ ១៦​ ធ្នើរ ១១២ ដល់ ១២៣ បន្ទប់ B402 សាខាទួលគោក 08/15/2023 1 REC 333.952 2023-0266 06/09/2025 2 08/15/2023 Books 12/03/2024